| 000 | 00937nam a22002177a 4500 | ||
|---|---|---|---|
| 999 |
_c564 _d564 |
||
| 001 | 20538 | ||
| 003 | BD-DhUAP | ||
| 005 | 20210118094408.0 | ||
| 008 | 200119s2018 bg ||||| |||| 00| 0 ben d | ||
| 020 | _a9789849216414. | ||
| 040 |
_aBD-DhUAP _bBen _cBD-DhUAP _dBD-DhUAP |
||
| 082 |
_223 _a005.133 HAS |
||
| 100 | _aহাসান, মোঃ মাহবুবুল। | ||
| 245 |
_aপ্রোগ্রামিং কনটেস্ট ডেটা স্ট্রাকচার ও অ্যালগরিদম / _cমোঃ মাহবুবুল হাসান। |
||
| 260 |
_aঢাকা : _bদ্বিমিক প্রকাশনী, _cc২০১৬। |
||
| 300 |
_a২৭৬ পৃষ্ঠা : _bচিত্র ; _c২৪ সেমি.। |
||
| 490 | _aপ্রোগ্রামিং কনটেস্ট সিরিজ | ||
| 650 | _aComputer programming. | ||
| 650 | _aData structure. | ||
| 942 |
_2ddc _cBK |
||